000 00680nam a2200217 i 4500
999 _c95068
_d95068
001 C2-0289693
003 PPAK
005 20190625155005.0
008 080827s1980 my |||| ||||| | may d
040 _aPPAK
_beng
_cPPAK
_erda
082 0 4 _a354.595
_223
090 0 0 _a354.595
_bKAJ
_dKK
245 0 0 _aKajian perjawatan dan kekosongan jawatan dalam jabatan-jabatan negeri dan badan - badan berkanun Negeri
264 1 _aKedah :
_bUnit Perancang Ekonomi Kedah ,
_c1980
300 _avarious pages pages ;
_c30 cm
336 _2rdacontent
_atext
337 _2rdamedia
_aunmediated
338 _2rdacarrier
_avolume
650 1 0 _aMalaysia executive departments
942 _cB
_2ddc